Una piedra en el zapato (Record no. 44696)

MARC details
000 -LEADER
campo de control de longitud fija 00813nam a2200241 i 4500
001 - NÚMERO DE CONTROL
campo de control 44696
003 - IDENTIFICADOR DE NÚMERO DE CONTROL
campo de control ES-MaACL
005 - FECHA Y HORA DE LA ÚLTIMA TRANSACCIÓN
campo de control 20250828114019.0
007 - CAMPO FIJO DE DESCRIPCIÓN FÍSICA--INFORMACIÓN GENERAL
campo de control de longitud fija t|
008 - DATOS DE LONGITUD FIJA--INFORMACIÓN GENERAL
campo de control de longitud fija 030324s1968 sp ||||1| spa d
080 ## - NÚMERO DE LA CLASIFICACIÓN DECIMAL UNIVERSAL
Número de la Clasificación Decimal Universal 84.0(493)-312.6"19"
100 1# - ENTRADA PRINCIPAL--NOMBRE DE PERSONA
Nombre de persona Claude, Robert.
9 (RLIN) 39080
245 14 - MENCIÓN DEL TÍTULO
Título Una piedra en el zapato
Resto del título : diario de un inválido de 16 años /
Mención de responsabilidad, etc. Roberto Claude, Luis Sarot ; [versión de Jaime Muñoz Anatol].
260 ## - PUBLICACIÓN, DISTRIBUCIÓN, ETC.
Lugar de publicación, distribución, etc. Bilbao :
Nombre del editor, distribuidor, etc. Desclée de Brouwer,
Fecha de publicación, distribución, etc. 1968.
300 ## - DESCRIPCIÓN FÍSICA
Extensión 164 p. ;
Dimensiones 19 cm.
490 1# - MENCIÓN DE SERIE
Mención de serie Educación y familia)
700 1# - ENTRADA AGREGADA--NOMBRE PERSONAL
Nombre de persona Sarot, Luis.
9 (RLIN) 103842
700 1# - ENTRADA AGREGADA--NOMBRE PERSONAL
Nombre de persona Muñoz Anatol, Jaime.
9 (RLIN) 84353
830 10 - PUNTO DE ACCESO ADICIONAL DE SERIE-TÍTULO UNIFORME
Título uniforme Colección educación y familia (Desclée de Brouwer)
9 (RLIN) 182029
852 4# - LOCALIZACIÓN
Ubicación ES-MaACL
Número de control de estantería C-35490
852 4# - LOCALIZACIÓN
Ubicación ES-MaACL
Número de control de estantería C-51076
Holdings
Estatus retirado Estado de pérdida Estado de daño No para préstamo Biblioteca de origen Biblioteca actual Ubicación en estantería Fecha de adquisición Fuente de adquisición Total de préstamos Signatura topográfica completa Código de barras Visto por última vez Precio de reemplazo Tipo de ítem Koha
        Biblioteca del Ateneo de Madrid Biblioteca del Ateneo de Madrid Depósito 2 17/01/2008     C-51076 1047041 23/02/2023 23/02/2023 Libro impreso
        Biblioteca del Ateneo de Madrid Biblioteca del Ateneo de Madrid Depósito 2 17/01/2008     C-35490 1047040 23/02/2023 23/02/2023 Libro impreso